LEADER 00902nam2 2200289 450 001 996659672803316 005 20250520093200.0 100 $a20250519d19981999km y0itay5003 ba 101 0 $aeng 102 $aES 105 $ay 00 y 200 1 $aA-na-qo-ta$estudies presented to J. T. Killen$fedited by John Bennet, Jan Driessen 210 $aSalamanca$cEdiciones universidad de Salamanca$d1998-1999 215 $aXIII, 375 p.$d24 cm 300 $aNumero monografico della rivista Minos, n. 33-34 461 0$1001990001042890203316$12001$aMinos 606 0 $aLingua greca micenea$xFilologia$xPeriodici$2BNCF 676 $a487.1 702 1$aBENNET,$bJohn 702 1$aDRIESSEN,$bJan 801 0$aIT$bcba$gREICAT 912 $a996659672803316 951 $aXVII. 188 (I SE BEN 1)$b5790 DBC$cXVII.$d360209 959 $aBK 969 $aCBC 996 $aA-na-qo-ta$94378872 997 $aUNISA